00514nam a22001695i 450000100060000000300090000600500170001500700030003200800410003504000200007610000300009624501070012625000130023326000500024630000270029685200210032353208ES-MaACL20230906162726.0t|950915s1863 fr ||||1| fre d aCAM bspa cCAM1 aDu Mesnil-Marigny, Jules.10aCatéchisme de l'économie politique basée sur des principes rationnels / cpar Du Mesnil-Marigny. a2e éd. aParis : bCournol, c1863 (fJouaust et fils) a[4], 355 p. ; c18 cm. aES-MaACLjD-2039